Statistics for MLB Players by Picture

Click here to take the quiz!

General Stats

  • This quiz has been taken 863 times
  • The average score is 19 of 30

Answer Stats

Answer% Correct
Mike Trout
98%
Joey Votto
94%
Miguel Cabrera
93%
David Ortiz
88%
Bryce Harper
87%
Giancarlo Stanton
82%
Max Scherzer
80%
Andrew McCutchen
77%
Francisco Lindor
73%
Mike Piazza
73%
Felix Hernandez
72%
Adrian Beltre
71%
Willie Mays
71%
Frank Thomas
69%
Randy Johnson
67%
Joe Mauer
64%
David Price
62%
Ryan Braun
61%
Yogi Berra
61%
Ernie Banks
60%
Cal Ripken Jr.
59%
Sandy Koufax
57%
Stan Musial
57%
Todd Helton
53%
Craig Biggio
42%
Alex Gordon
41%
Trevor Hoffman
41%
Roy Halladay
40%
Phil Niekro
26%
Barry Zito
22%

Score Distribution

Percentile by Number Answered

Percent of People with Each Score

Your Score History

You have not taken this quiz